Quizzes
Events
Quiz Creation
Community
Videos
Private Events
Remove Ads
Sign In
Join for FREE
Feedback
Dark Mode
Quiz Categories
Sports
Geography
Music
Movies
Television
Just For Fun
Miscellaneous
History
Literature
Language
Science
Gaming
Entertainment
Religion
Holiday
For Kids
Quiz Lab
Recent
Popular Today
Quiz Kudos Today
Editor Picks
Curator Picks
Quizzes by...
Day
Popularity
Type
Ratings
Length
Year
Community
Subscriptions
Recent Discussions
Orange Saloon
Badges
Playlists
Quests
Create
Leaderboards
Showdown
Live 5
Trivia Bingo
Activity
Puzzle Library
Sporcle Events
Private Events
Virtual Trivia
Globe League
Become a Host
Pub Owners
SporcleCon
Opinionation
Our Games
Videos
Blog
Mobile Apps
Partnerships
Remove Ads and Go Orange
Feedback
Sports
Athletes
MLB
NBA
NHL
NFL
Soccer
Sports Teams
WWE
NCAA
Football
Premier League
Basketball
Baseball
Hockey
Golf
Tennis
Cricket
Rugby
Auto Racing
Olympics
World Cup
Sports
Athletes
MLB
NBA
NHL
NFL
Soccer
Sports Teams
WWE
NCAA
Football
Premier League
Basketball
Baseball
Hockey
Golf
Tennis
Cricket
Rugby
Auto Racing
Olympics
World Cup
Random Quiz
Search Sporcle
×
Quiz Lab
Quiz Lab
Sports
Europe
Type in answers that appear in a list
Type in answers that appear in a list
Classic
Best Score? Go Orange.
Members of the ECA Stats
Can you name the Members of the ECA (European Club Association)?
By
Pureownege75
20m
200 Questions
19 Plays
19 Plays
19 Plays
Comments
Comments
Give Quiz Kudos
Give Quiz Kudos
-
- Ratings
hide this ad
More Info
Replay
Link that replays current quiz
Next Quiz
Link to next quiz in quiz playlist
You Got
0%
They Got
Avg Score
71%
Avg Friend Score
Upgrade to see
Score Distribution
Jump to the score distribution portion of the page
Score
0/200
Timer
20:00
0
Plays Today
Club
% Correct
RSC Anderlecht
100%
AC Sparta Praha
100%
Arsenal FC
100%
Aston Villa FC
100%
Chelsea FC
100%
Everton FC
100%
Liverpool FC
100%
Manchester City FC
100%
Manchester United FC
100%
Newcastle United FC
100%
Tottenham Hotspur FC
100%
Olympique Lyon
100%
AS Monaco FC
100%
FC Bayern Munich
100%
Hamburger SV
100%
FC Schalke 04
100%
FC Internazionale Milano
100%
Juventus FC
100%
AC Milan
100%
AS Roma
100%
SSC Napoli
100%
AFC Ajax
100%
Feyenoord Rotterdam
100%
PSV Eindhoven
100%
FC Porto
100%
SC Braga
100%
FC Zenit St. Petersburg
100%
Celtic FC
100%
Rangers FC
100%
Real Madrid CF
100%
Sevilla FC
100%
Fenerbahce SK
100%
Galatasaray SK
100%
Sporting Clube de Portugal
100%
FK Austria Wien
94.7%
SK Rapid Wien
94.7%
Club Brugge KV
94.7%
SK Slavia Praha
94.7%
FC Copenhagen
94.7%
Lille OSC
94.7%
Paris Saint-Germain FC
94.7%
Bayer 04 Leverkusen
94.7%
Borussia Dortmund
94.7%
SV Werder Bremen
94.7%
AEK Athens FC
94.7%
Panathinaikos FC
94.7%
Hapoel Tel-Aviv FC
94.7%
ACF Fiorentina
94.7%
Rosenborg BK
94.7%
SL Benfica
94.7%
FC Spartak Moskva
94.7%
Aberdeen FC
94.7%
Heart of Midlothian FC
94.7%
Club Atletico de Madrid
94.7%
FC Barcelona
94.7%
Valencia CF
94.7%
Villarreal CF
94.7%
Grasshopper-Club Zurich
94.7%
FC Dynamo Kyiv
94.7%
FC Red Bull Salzburg
94.7%
FC BATE
89.5%
NK Dinamo Zagreb
89.5%
Brondby IF
89.5%
Fulham FC
89.5%
FC Girondins de Bordeaux
89.5%
Olympique de Marseille
89.5%
Borussia Monchengladbach
89.5%
Club
% Correct
Eintracht Frankfurt
89.5%
VfB Stuttgart
89.5%
FC Vaduz
89.5%
KP Legia Warszawa
89.5%
CFR 1907 Cluj
89.5%
FC Steaua Bucuresti
89.5%
FC Rubin Kazan
89.5%
PFC CSKA Moskva
89.5%
FK Partizan
89.5%
BSC Young Boys
89.5%
FC Basel 1893
89.5%
Besiktas JK
89.5%
Trabzonspor AS
89.5%
FC Shakhtar Donetsk
89.5%
Dinamo Minsk FC
84.2%
Racing Genk
84.2%
APOEL FC
84.2%
HJK Helsinki
84.2%
VfL Wolfsburg
84.2%
Maccabi Haifa FC
84.2%
US Citta de Palermo
84.2%
SK Slovan Bratislava
84.2%
NK Maribor
84.2%
KAA Gent
78.9%
Standard Liege
78.9%
FK Sarajevo
78.9%
HNK Hajduk Split
78.9%
Olympiacos FC
78.9%
PAOK FC
78.9%
Parma FC
78.9%
FC Rapid Bucuresti
78.9%
RC Deportivo La Coruna
78.9%
FC Zurich
78.9%
KR Tirana
73.7%
PFC CSKA Sofia
73.7%
Aalborg
73.7%
RC Lens
73.7%
Debrecen VSC
73.7%
UC Sampdoria
73.7%
Valletta FC
73.7%
SK Brann
73.7%
FC Lokomotiv Moskva
73.7%
FC Thun
73.7%
Bursaspor Kulubu
73.7%
FC Dnipro Dnipropetrovsk
73.7%
PFC Levski Sofia
68.4%
AZ Alkmaar
68.4%
FC Twente
68.4%
KKS Lech Poznan
68.4%
SK Sturm Graz
68.4%
FC Viktoria Plzen
68.4%
sc Heerenveen
68.4%
SC Dinamo 1948 Bucuresti
68.4%
IFK Goteborg
68.4%
FK Baku
63.2%
PFC Neftchi
63.2%
AZAL PFC Baku
63.2%
AJ Auxerre
63.2%
FC Utrecht
63.2%
Lillestrom SK
63.2%
Valerenga IF
63.2%
FC Sion
63.2%
The New Saints FC
63.2%
AC Omonia
57.9%
Myllykosken Pallo-47
57.9%
Maccabi Netanya FC
57.9%
FK Aktobe
57.9%
Club
% Correct
Maritimo da Madeira Futbol
57.9%
FK Crvena Zvezda
57.9%
IF Elfsborg
57.9%
FC Metalist Kharkiv
57.9%
Anorthosis Famagusta FC
52.6%
FC Slovan Liberec
52.6%
FK Teplice
52.6%
Odenese BK
52.6%
FC Dinamo Tbilisi
52.6%
Aris Thessaloniki FC
52.6%
Skonto FC
52.6%
FC Sheriff Tiraspol
52.6%
Viking FK
52.6%
Wisla Krakow SA
52.6%
FC Pyunik
47.4%
FC Flora Tallinn
47.4%
FC Levadia Tallinn
47.4%
HB Torshavn
47.4%
B36 Torshavn
47.4%
Ferencvaros TC
47.4%
CS Grevenmacher
47.4%
F91 Dudelange
47.4%
Glentoran FC
47.4%
KSP Polonia Warszawa
47.4%
SP Tre Fiori
47.4%
FC Banants
42.1%
FK Zeljeznicar Sarajevo
42.1%
FC Honka Espoo
42.1%
Gyori ETO FC
42.1%
Birkirkara FC
42.1%
Hibernians FC
42.1%
Linfield FC
42.1%
Saint Patrick's Athletic FC
42.1%
FK Vojvodina
42.1%
MSK Zilina
42.1%
FC Bnei-Yehuda Tel-Aviv
42.1%
KS Elbasini
36.8%
FC Santa Coloma
36.8%
FC Shakhtyor Soligorsk
36.8%
PFC Litex Lovech
36.8%
FK Liepajas Metalurgs
36.8%
FK Vardar
36.8%
CFC Zimbru Chisinau
36.8%
Djurgadens IF
36.8%
Helsinborgs IF
36.8%
Bangor City FC
36.8%
Llanelli AFC
36.8%
FK Buducnost Podgorica
31.6%
NK Siroki Brijeg
31.6%
FC WIT Georgia
31.6%
Keflavik IF
31.6%
Otelul Galati
31.6%
UE Sant Julia
26.3%
Mika FC
26.3%
EB/Streymur
26.3%
NSI Runavik
26.3%
FK Ventspils
26.3%
FK Rabotnicki
26.3%
FC Zeta
26.3%
SS Murata
26.3%
Fimleikafelag Hafnarfjaroar
21.1%
FK Suduva
21.1%
MFK Ruzomberok
21.1%
NK Domzale
21.1%
FC Zestafoni
21.1%
FK Ekranas
15.8%
Quiz Playlist
Details
Report
Send in Message
Add To Playlist
More Info:
Name the 200 Clubs who are a member of the European Club Association. Heres a hint, they are pretty much the biggest clubs from each country.
Classic:
Type in answers that appear in a list
Quiz Source
Last Updated: Feb 16, 2017
Quiz Scoreboard
CHALLENGE
Sign Up to Join the Scoreboard
Show All
Scores
Hide
Comments
May contain spoilers
Recently Published
Movies - When Are They Set?
by FPL_Elf
Movies
5m
Popular People in 1961
by mucciniale
History
6m
1-10 Letter E Words III
by El_Dandy
Language
2m
More to Explore
Quiz From the Vault
Featured Blog Post
Where Did the Easter Bunny Come From?
hide this ad
You Might Also Like...
Tags
Country Quiz
Europe Quiz
association
club
Today's Top Quizzes in Sports
Browse Sports
hide this ad
Today's Top Quizzes in Europe
Browse Europe
Top Contributed Quizzes in Sports
1
Les meilleurs buteurs des matchs entre le PSG et l’OM
2
FIFA Club World Cup Champions
3
Les entraîneurs de l'OM et du PSG au 21e siècle
4
2022 World Cup Stars
5
Name the Premier League winners with different clubs
6
La finale Lions - Afrique du Sud 2021
7
Criteria MLB: Left Handed Sluggers
8
Les joueurs passés par le LOSC et le RC Lens
9
Players with Multiple 50 Home Run Seasons
10
MLB Players with Two .350 Batting Average Seasons
Explore More
Trending Topics
Harry Potter
Disney
Marvel
Anime
NBA
Kpop
Crossword
The Office
Puzzle
Country
NFL
Soccer
Pokémon
Song
WWE
hide this ad
More By:
Pureownege75
Quiz
Plays
Rating
Category
Featured
Created
All Mario Kart Tracks
1,611
4.50
Gaming
May 23, 2014
Premiere League Club Nicknames
1,300
4.00
Sports
Feb 29, 2012
Worlds Largest Cities
288
2.00
Geography
Oct 15, 2011
Top Domestic League Winners of Europe
240
4.00
Sports
Oct 4, 2011
European Football League Winners 2011-12
118
5.00
Sports
May 30, 2012
Go to Creator's Profile
Score Distribution
Quiz Creator Spotlight
Pureownege75
Follow
Send a Message
Quizzes Created
-
Created Quiz Play Count
-
More By This Creator
Popular Quizzes Today
1
Find the Countries of Europe - No Outlines Minefield
2
Find the US States - No Outlines Minefield
3
The Countries of the World
4
Popular People in 1961
5
1-10 Letter E Words III
6
US States
7
Find the US States
8
One Thing in Common: World Cities II
More Sports Quizzes
Formula One Grand Prix Host Countries
Editor's Pick
Trending Quizzes
Risky Map Clicking: Least Populous States A-Z
Humor Books: The Subtitles
1-10 Letter F Words
1-10 Letter G Words
One Thing in Common: United Kingdom
Recently Updated
Leaping Animals
pecheneg
Reality TV Shows (A-Z)
bhenderson79
Rickey Henderson's Hall of Fame Teammates
pecheneg
Champions League XIs: Arsenal
pecheneg
Quick Pick: Celebrities in WWE's Hall of Fame
aduchscher
A-Z Keypad Blitz II
pecheneg
Multiple Oscar Actors
pecheneg
Mystery Phrase Blitz: Oscar 'Best Actors'
pecheneg
F. Scott Fitzgerald Novels
LTH
Pick 3 Villains
ddd62291
Trending Topics
Harry Potter
Crossword
Disney
NBA
Anime
Marvel
Kpop
WWE
Soccer
NFL
Song
Country
Puzzle
Pokémon
The Office
Your Account Isn't Verified!
In order to create a playlist on Sporcle, you need to verify the email address you used during registration. Go to your
Sporcle Settings
to finish the process.
Report this User
Report this user for behavior that violates our
Community Guidelines
.
Details:
Send Report
Go to the Sporcle.com Mobile Site →
Comments